Most Searched Things on Google - Statistics

General Stats
  • This quiz has been taken 145 times
  • The average score is 6 of 15
Answer Stats
Search Volume Website % Correct
548,200,000 Google
86%
1,225,900,000 YouTube
83%
230,700,000 Instagram
73%
1,102,800,000 Facebook
68%
131,800,000 Twitter
59%
381,600,000 Amazon
43%
133,100,000 Yahoo
33%
438,800,000 Gmail
31%
152,500,000 Netflix
31%
156,600,000 Weather
16%
314,600,000 Google Translate
13%
371,100,000 Translate
12%
243,500,000 Hotmail
8%
607,900,000 Whatsapp Web
4%
287,300,000 Traductor
0%
No matching quizzes found
Score Distribution
Percent of People with Each Score
Percentile by Number Answered
Your Score History
You have not taken this quiz